00501nam a22001697a 450000500170000000800410001704000070005804100120006508200210007710000250009824500360012326000400015930000310019936500540023044000130028465000340029720241217150848.0241217b ||||| |||| 00| 0 eng d cAL aEnglish 223a348.04bEASS aEastern Book Company aSupreme Court Cases 1993: Vol 3 aLucknowbEastern Book Companyc2012 axxiv,812 p.bHBc24x16 cm. a1061b₹959.52c₹d₹1279.36e25%f28-11-2024 aVolume 3 aMode of Citation (1993) 3 SCC